01437cam a2200301 a 4500001000500000005001700005020001800022040002800040050002000068082001300088100001800101245010700119250002300226260004000249300004600289490006400335500002000399505000800419520038400427521002000811521002200831650005700853650006300910650004200973650003601015650004201051650004201093306820251028082802.0 a9780531207765 aDLCcDLCdIG#dDLCbeng00aQC774.M4b 201000a539.70921 aVenezia, Mike10aLise Meitner :bhad the right vision about nuclear fission /cwritten and illustrated by Mike Venezia. aPublished in 2010  aNew York :bChildren's Press,c2010 a32 pages ;bcolor illustrations ,c25 cm. aGetting to know the world's greatest inventors & scientists aIncludes index. aZ  aMembers Reviews Popularity Average rating Conversations 69 1 381,743 None None These books are without a doubt the definitive and most entertaining biographies of scientists for young readers. Author and artist Mike Venezia provides hilarious, cartoon-style illustrations to complement his easy-to-read text and full-color reproductions of the scientists' sketches and notebooks. a920 bLexile  aZ bRaz-Plus  0aPhysicistszGermanyvBiographyvJuvenile literature. 0aWomen physicistszGermanyvBiographyvJuvenile literature. 0aNuclear fissionvJuvenile literature. 1aPhysicistszGermanyvBiography. 1aWomen physicistszGermanyvBiography. 1aNuclear fissionvJuvenile literature.